000 00348 a2200145 4500
001 166402
020 _a
040 _cMagnum
100 _aVeiga, Ilma Passos Alencastro Et Al.
240 1 0 _aEscola fundamental: curriculo e ensino
_lpor
245 1 0 _aEscola fundamental: curriculo e ensino
362 0 _a1899
697 _aENSINO
942 _cBK
999 _c166402
_d166402